La Faina Di Siviglia Romanzo

Saved in:
Bibliografiske detaljer
Hovedforfatter: Lazarillo Del Tormes
Format: Bog
Sprog:ukendt sprog
Udgivet: Ieri Oggi
Tags: Tilføj Tag
Ingen Tags, Vær først til at tagge denne postø!

MARC

LEADER 00000nam a2200000Ia 4500
001 R-1636
003 CODICE-MESSINA
005 20260212102510.0
008 260211s9999 xx 000 0 und d
040 |c importazione_messina 
100 |a Lazarillo Del Tormes 
245 0 |a La Faina Di Siviglia 
245 0 |b Romanzo 
260 |b Ieri Oggi 
942 |2 ddc  |c BK 
952 |0 0  |1 0  |2 ddc  |4 0  |6 SCAFFALE_16_000000000000000__STANZA_2  |7 0  |9 32476  |a ME  |b ME  |d 2026-02-11  |l 0  |o SCAFFALE 16 - STANZA 2  |p R-1636  |r 2026-02-11 23:53:12  |w 2026-02-11  |x [REVISIONARE]  |y BK 
999 |c 28143  |d 28143